The Garnetts, a literary family ; an exhibition.

Bibliographic Details
Corporate Author: University of Texas. Humanities Research Center
Format: Book
Language:English
Published: [Austin], [publisher not identified] ; 1959.
Subjects:

MARC

Tag First Indicator Second Indicator Subfields
LEADER 00000cam a2200000I 4500
001 in00002390121
005 20151109062537.0
008 751112s1959 txu 000 0 eng
010 |a  60063790  
029 1 |a AU@  |b 000027742770 
035 |a (OCoLC)ocm01830020 
035 |a (OCoLC)1830020 
040 |a DLC  |c IXA  |d OCL  |d OCLCQ  |d TXA  |d UtOrBLW 
049 |a TXAM 
050 0 0 |a Z673  |b .E 1959, T4 
090 |a CS439  |b .G37 1959 
110 2 |a University of Texas.  |b Humanities Research Center. 
245 1 4 |a The Garnetts, a literary family ;  |b an exhibition. 
264 1 |a [Austin],  |b [publisher not identified] ;  |c 1959. 
300 |a 15 pages :  |b illustrations ;  |c 25 cm. 
336 |a text  |b txt  |2 rdacontent 
337 |a unmediated  |b n  |2 rdamedia 
338 |a volume  |b nc  |2 rdacarrier 
500 |a "Of this exhibition catalogue five hundred copies were printed for The Humanities Research Center The University of Texas." 
500 |a The Cushing Library/Lit./Mitchell copies are nos. A, 2, 36, and 203. 
500 |a One of the Cushing Library/Lit./Mitchell copies is signed and dated by David Garnett. 
536 |a Three of the Cushing Library/Lit./Mitchell copies were acquired by Cushing as part of the David Garnett Family Books Collection. 
600 3 0 |a Garnett family  |v Bibliography. 
948 |a cataloged  |b h  |c 2008/6/4  |d c  |e vilik  |f 2:09:25 pm 
994 |a C0  |b TXA 
999 |a MARS 
999 f f |s 55860821-360d-3f5c-b193-197f47ef7be3  |i 51162830-4991-3b93-a00f-d01e4eb20cde  |t 0 
952 f f |p noncirc  |a Texas A&M University  |b College Station  |c Cushing Memorial Library & Archives  |d Cushing: Literature/Mitchell (Does not check out)  |t 0  |e CS439 .G37 1959  |h Library of Congress classification  |i unmediated -- volume 
952 f f |p noncirc  |a Texas A&M University  |b College Station  |c Cushing Memorial Library & Archives  |d Cushing: Literature/Mitchell (Does not check out)  |t 0  |e CS439 .G37 1959  |f Vertical File  |h Library of Congress classification  |i unmediated -- volume 
952 f f |p noncirc  |a Texas A&M University  |b College Station  |c Cushing Memorial Library & Archives  |d Cushing: Literature/Mitchell (Does not check out)  |t 0  |e CS439 .G37 1959  |f Vertical File  |h Library of Congress classification  |i unmediated -- volume 
952 f f |p noncirc  |a Texas A&M University  |b College Station  |c Cushing Memorial Library & Archives  |d Cushing: Literature/Mitchell (Does not check out)  |t 0  |e CS439 .G37 1959  |f Vertical File  |h Library of Congress classification  |i unmediated -- volume 
998 f f |a CS439 .G37 1959  |t 0  |l Cushing: Literature/Mitchell (Does not check out) 
998 f f |a CS439 .G37 1959  |t 0  |l Cushing: Literature/Mitchell (Does not check out) 
998 f f |a CS439 .G37 1959  |t 0  |l Cushing: Literature/Mitchell (Does not check out) 
998 f f |a CS439 .G37 1959  |t 0  |l Cushing: Literature/Mitchell (Does not check out)